000
00281nam a22001337a 4500
008
170920b xxu||||| |||| 00| 0 eng d
020
_a
0844276278
041
_a
eng
080
_a
7
100
_a
45
101
_a
ART
245
_a
GETTING TO KNOW SPAIN
_c
LYE,K
942
_2
udc
_c
BK
999
_c
28543
_d
28543